| 000 | 00364nam a2200145Ia 4500 | ||
|---|---|---|---|
| 008 | 230312s9999||||xx |||||||||||||| ||und|| | ||
| 020 | _a0-07-141743-5 | ||
| 082 |
_a616.075 _bTIE-C |
||
| 100 | _aTierney;Lawrence,M | ||
| 245 | 0 | _aCurrent Medical Diagnosis& Treatment | |
| 260 |
_bThrough _aUK _c2000 |
||
| 300 | _a1863 | ||
| 650 |
_aMedical _vPathology |
||
| 942 | _cBK | ||
| 999 |
_c3613 _d3613 |
||